Inorganic polymer chemistry (Record no. 20430)

MARC details
000 -LEADER
fixed length control field 00344nam a2200133Ia 4500
082 ## - DEWEY DECIMAL CLASSIFICATION NUMBER
Classification number 678:546
Item number GIM
100 ## - MAIN ENTRY--AUTHOR NAME
Personal name Gimblett, F G R
245 #0 - TITLE STATEMENT
Title Inorganic polymer chemistry
260 ## - PUBLICATION, DISTRIBUTION, ETC. (IMPRINT)
Place of publication London
Name of publisher Butterworths
Year of publication 1963
650 ## - SUBJECT ADDED ENTRY--TOPICAL TERM
Topical Term Addition polymers
650 ## - SUBJECT ADDED ENTRY--TOPICAL TERM
Topical Term Inorganic polymers
942 ## - ADDED ENTRY ELEMENTS (KOHA)
Koha item type Books
Holdings
Withdrawn status Lost status Damaged status Not for loan Home library Current library Date acquired Cost, normal purchase price Full call number Accession Number Koha item type
        RRII Library RRII Library 16/12/2021 0.90 678:546 GIM 01156 Books